00996nam a22002417a 45000010005000000030006000050050017000110080041000280200018000690400029000870820012001161000018001282450048001462500035001942600039002293000049002684900031003175050008003485200317003565210029006735210020007027000032007228258FISKH20250905105138.0250905b cb ||||| |||| 00| 0 eng d a9781842393185 aFISKHbengcFISKHdFISKH a823.912 aBlyton, Guid  aHe wouldn't go to sleep / cBy Guid Blyton  aThis edition published in 2004 aLondon :bAlligator Books, c2004. a20 pages : bcolor illustrations ;c23 cm .  aAlligator Series 2vBook 1 aK  aA delightful anthology of 17 bedtime stories by Enid Blyton, each offering cozy, imaginative, and child-friendly narratives ideal for bedtime reading. The collection features themes like moonlit nights, birthdays, fairies, and whimsical adventures—written with the warm, comforting style Blyton is beloved for.8 a510 bLexile estimate 8 aK bRaz-Plus  aWard, Sylvia eIllustrator